Future: The Hits - Statistics

General Stats
  • This quiz has been taken 8 times
  • The average score is 35 of 97
Answer Stats
Hint Answer % Correct
2017 Solo
100%
2015 Stick Talk
100%
2014 Codeine Crazy
83%
2016 Low Life
83%
2017 Mask Off
83%
2014 Monster
83%
2014 Throw Away
83%
2015 56 Nights
67%
2015 Groupies
67%
2015 Jumpman
67%
2015 March Madness
67%
2016 Perkys Calling
67%
2016 Purple Reign
67%
2014 Radical
67%
2015 Real Sisters
67%
2017 Sorry
67%
2015 Thought It Was A Drought
67%
2015 Trap
67%
2014 After That
50%
2015 Blow A Bag
50%
2017 Coming Out Strong
50%
2017 Feds Did A Sweep
50%
2019 F&N
50%
2014 Hardly
50%
2015 I Serve The Base
50%
2015 Lay Up
50%
2014 Move That Dope
50%
2017 My Collection
50%
2019 Never Stop
50%
2017 PIE
50%
2015 Rich Sex
50%
2011 Tony Montana
50%
2015 Where Ya At
50%
2016 Wicked
50%
2022 712 PM
33%
2015 Big Rings
33%
2015 Blood On The Money
33%
2014 Blood, Sweat, Tears
33%
2015 Diamonds Dancing
33%
2015 Digital Dash
33%
2017 Draco
33%
2014 F*ck Up Some Commas
33%
2018 Fine China
33%
2017 Fresh Air
33%
2014 Gangland
33%
2014 Honest
33%
2017 I'm So Groovy
33%
2014 I Won
33%
2013 Karate Chop
33%
2020 Life Is Good
33%
2011 Magic
33%
2012 Neva End
33%
2016 News Or Something
33%
2017 POA
33%
2022 Puffin On Zootiez
33%
2011 Racks
33%
2011 Same Damn Time
33%
2015 Scholarships
33%
2017 Selfish
33%
2013 Sh*t
33%
2012 Turn On The Lights
33%
2019 Unicorn Purp
33%
2017 Used To This
33%
2017 Use Me
33%
2018 Wifi Lit
33%
2016 Xanny Family
33%
2017 You Da Baddest
33%
2014 Benz Friendz
17%
2013 Chosen One
17%
2012 Deeper Than The Ocean
17%
2017 Extra Luv
17%
2019 First Off
17%
2015 Forever Eva
17%
2022 Keep It Burnin
17%
2020 Life Is Good Remix
17%
2013 Love Me
17%
2019 Love Thy Enemies
17%
2017 Mask Off Remix
17%
2015 Never Gon Lose
17%
2019 Shotgun
17%
2020 Solitaires
17%
2020 Too Comfortable
17%
2020 Trillionaire
17%
2019 Xanax Damage
17%
2012 Birds Take A Bath
0%
2020 Drinkin And Smokin
0%
2016 Fly Sh*t Only
0%
2022 Holy Ghost
0%
2012 Homicide
0%
2020 I Don't Wanna Break Up
0%
2012 Jordan Diddy
0%
2014 Karate Chop Remix
0%
2018 Realer N Realer
0%
2018 Red Light
0%
2013 Rehab
0%
2012 Space Cadets
0%
2022 Worst Day
0%
No matching quizzes found
Score Distribution
Percent of People with Each Score
Percentile by Number Answered
Your Score History
You have not taken this quiz